000 00635nam a2200205 a 4500
008 961031s1975 m yxo 0 slo c
040 _aSNK
_bslo
_cSNK
_eAACR2
041 1 _aslo
044 _axo
_cSK
100 1 _aMarx, Karl
_4aut
245 1 0 _aO proletárskom internacionalizme
_cKarl Marx, Friedrich Engels, Vladimir Iľjič Lenin ; zborník zost. N. U. Belousova
260 _aBratislava
_bPravda
_c1975
300 _a677, [11] s.
_c
490 0 _aKnižnica marxizmu-leninizmu
700 1 _aEngels, Friedrich
_4aut
700 1 _aLenin, Vladimir Iľjič
_4aut
700 1 _aBelousova, N. U.
_4com
020 _c18
958 _aA
999 _c15490
_d15490